01261nam a2200265 a 450000100060000000300080000600500170001400800410003103500190007204001700009104100080026108200250026924501260029424600420042026000570046230000240051950400410054355001620058465000340074665500640078065500550084465500250089965500230092471000480094746406BD-RjUL20211209054140.0160802c19239999enkar b 0 a0eng c a(BD-RjUL)46524 aMULbengcMULdUCUdCOOdYUSdNYGdFUGdNYGdHULdDLCdNSTdAIPdDLCdAIPdOCLdNSTdHULdNYGdDLCdSYSdOCLCQdNLGGCdLVBdUQ1dCRUdOCLCQdFJMdDLCdYDXCPdBD-RjUL aeng04a341.05223bBRI 192304aThe British year book of international law 1922-23 : bthird year of issue /cBritish Institute of International Affairs.30aBritish yearbook of international law aLondon ;bHenry Frowde :bHodder & Stoughton,c1923. av, 260 p. ;c26 cm. aIncludes bibliographical references. aVols. for 1921-22-1927 published under the auspices of the British Institute of International Affairs; 1928- of the Royal Institute of International Affairs. 0aInternational lawvPeriodical 7aPériodique électronique (Descripteur de forme)2rasuqam 7aRessource Internet (Descripteur de forme)2rasuqam 0aElectronic journals. 7aPeriodicals.2fast2 aBritish Institute of International Affairs.